Who Want to be a Millionaire? Quiz Stats

 Plays Quiz not verified by Sporcle

Challenge
Share
Tweet
Embed
Score 0/20 Timer 10:00
0 Plays Today
Hint Answers % Correct
Who played Jim Lovell in Apollo 13Tom Hanks
50.5%
What country's flag is not a rectangle?Nepal
38.5%
How do female mosquitoes locate their victimsScent
34.9%
Who followed the 27th president?Wilson
29.4%
Name of the natives at Mt. EverstSherpa
18.3%
What is the plastic thing on the end of a shoelace called?Aglet
15.6%
who played such roles as Louisa Fenn on 'Boston Public', Karen Filippelli on 'The Office', and Kate Frankola on 'Unhitched'Rashida Jones
13.8%
In the Netherlands, what is the name of Santa Claus's helper who judges which children were bad during the year?Black Peter
10.1%
Who was the Greek who pushed the boulder up the hill?Sisyphus
10.1%
What holiday was established in California in 1966 by scholar/activist Dr. Maulana Karenga?Kwanzaa
8.3%
Hint Answers % Correct
How many muscles in the human body?600
5.5%
Who invented the bikini?Bikini Atoll
3.7%
What is the metal part of a pencil called?Ferrule
2.8%
What year did Krakatoa erupt?1883
2.8%
How many beads on a dog tag chain?365
2.8%
What will you die of if you consume a polar bear liver?Vitamin A poisoning
1.8%
Fear of peopleAnthropophobia
0.9%
Another name for left handedSinistral
0.9%
What is Pablo Picasso's full name?Pablo Diego José Francisco de Paula Juan Nepomuceno María de los Remedios Cipriano de la Santísima Trinidad Martyr Patricio Clito Ruiz y Picasso
0.9%
The fear of very long wordsHippopotomonstrosesquippedaliophobia
0%

You're not logged in!

Compare scores with friends on all Sporcle quizzes.
OR
Log In

You Might Also Like...

Show Comments

Extras

Created Jan 6, 2010ReportNominate
Tags:millionaire

Top Quizzes Today


Score Distribution

Your Account Isn't Verified!

In order to create a playlist on Sporcle, you need to verify the email address you used during registration. Go to your Sporcle Settings to finish the process.

Report this User

Report this user for behavior that violates our Community Guidelines.

Details: